<?xml version="1.0" encoding="UTF-8"?>
<record
    xmlns:xsi="http://www.w3.org/2001/XMLSchema-instance"
    xsi:schemaLocation="http://www.loc.gov/MARC21/slim http://www.loc.gov/standards/marcxml/schema/MARC21slim.xsd"
    xmlns="http://www.loc.gov/MARC21/slim">

  <leader>01503naa a2200289 i 4500</leader>
  <controlfield tag="001">3294</controlfield>
  <controlfield tag="003">KOSZ 005</controlfield>
  <controlfield tag="005">20180214113725.0</controlfield>
  <controlfield tag="008">140625s2002    pl     f     |100 0 pol</controlfield>
  <datafield tag="040" ind1=" " ind2=" ">
    <subfield code="c">BPK</subfield>
    <subfield code="d">KOSZ 005/EG</subfield>
  </datafield>
  <datafield tag="041" ind1=" " ind2=" ">
    <subfield code="a">pol</subfield>
  </datafield>
  <datafield tag="080" ind1=" " ind2=" ">
    <subfield code="a">621.43</subfield>
  </datafield>
  <datafield tag="080" ind1=" " ind2=" ">
    <subfield code="a">629.082</subfield>
  </datafield>
  <datafield tag="080" ind1=" " ind2=" ">
    <subfield code="a">629.33</subfield>
  </datafield>
  <datafield tag="100" ind1="1" ind2=" ">
    <subfield code="a">LEWKOWICZ, Ryszard.</subfield>
    <subfield code="d">1996 - .</subfield>
    <subfield code="b">Politechnika Koszali&#x144;ska - Wydzia&#x142; Mechaniczny,</subfield>
    <subfield code="c">Katedra Mechaniki Precyzyjnej</subfield>
  </datafield>
  <datafield tag="245" ind1="1" ind2="0">
    <subfield code="a">Pomiar zadymienia spalin podczas kontroli pojazd&#xF3;w /</subfield>
    <subfield code="c">Ryszard Lewkowicz, Piotr Pi&#x105;tkowski.</subfield>
  </datafield>
  <datafield tag="246" ind1="3" ind2="1">
    <subfield code="a">Measurement of exhaust gas haze in vehicle control station</subfield>
  </datafield>
  <datafield tag="500" ind1=" " ind2=" ">
    <subfield code="a">Dane z autopsji.</subfield>
  </datafield>
  <datafield tag="520" ind1=" " ind2=" ">
    <subfield code="a">W referacie zawarto podstawowe informacje dotycz&#x105;ce procesu spalania i sk&#x142;adu spalin emitowanych przez silnik ZS w por&#xF3;wnaniu z silnikami Z, metod i urz&#x105;dze&#x144; do pomiaru zadymienia jak r&#xF3;wnie&#x17C; metod pomiaru pr&#x119;dko&#x15B;ci obrotowej silnika.</subfield>
  </datafield>
  <datafield tag="650" ind1=" " ind2="0">
    <subfield code="a">Pojazdy - kontrola.</subfield>
  </datafield>
  <datafield tag="650" ind1=" " ind2="0">
    <subfield code="a">Spaliny - badanie.</subfield>
  </datafield>
  <datafield tag="655" ind1=" " ind2="0">
    <subfield code="a">Materia&#x142;y konferencyjne.</subfield>
  </datafield>
  <datafield tag="700" ind1="1" ind2=" ">
    <subfield code="a">PI&#x104;TKOWSKI, Piotr.</subfield>
    <subfield code="d">2000 - .</subfield>
    <subfield code="b">Politechnika Koszali&#x144;ska - Wydzia&#x142; Mechaniczny,</subfield>
    <subfield code="c">Katedra Mechaniki Precyzyjnej</subfield>
  </datafield>
  <datafield tag="773" ind1="0" ind2=" ">
    <subfield code="i">W :</subfield>
    <subfield code="t">Droga krajowa nr 6 osi&#x105; integracji Pomorza &#x15A;rodkowego i szans&#x105; rozwoju motoryzacji : V S&#x142;upskie Forum Motoryzacji, S&#x142;upsk 18-19 maja 2002. -</subfield>
    <subfield code="d">S&#x142;upsk : Starostwo Powiatowe w S&#x142;upsku, 2002. -</subfield>
    <subfield code="g">s. 199-212</subfield>
  </datafield>
  <datafield tag="711" ind1="2" ind2="2">
    <subfield code="a">S&#x142;upskie Forum Motoryzacji</subfield>
    <subfield code="n">(5 ;</subfield>
    <subfield code="d">2002 ;</subfield>
    <subfield code="c">S&#x142;upsk, Polska).</subfield>
  </datafield>
  <datafield tag="942" ind1=" " ind2=" ">
    <subfield code="c">ROZ</subfield>
    <subfield code="2">UKD</subfield>
  </datafield>
  <datafield tag="999" ind1=" " ind2=" ">
    <subfield code="c">3294</subfield>
    <subfield code="d">3294</subfield>
  </datafield>
  <datafield tag="952" ind1=" " ind2=" ">
    <subfield code="0">0</subfield>
    <subfield code="1">0</subfield>
    <subfield code="4">0</subfield>
    <subfield code="7">0</subfield>
    <subfield code="a">BPK</subfield>
    <subfield code="b">BPK</subfield>
    <subfield code="o">76402</subfield>
    <subfield code="y">ROZ</subfield>
  </datafield>
</record>
